000 00640nam a2200205 4500
001 138903
003 ES-MaACL
007 t|
008 070214s1985 sp r ||||1| spa d
020 _a84-344-1044-3
100 1 _aSaperas, Enric.
_9103712
245 1 3 _aLa sociología de la comunicación de masas en los Estados Unidos
_b: una introducción crítica /
_cEnric Saperas.
250 _a1ª. ed.
260 _aBarcelona :
_bAriel,
_c1985.
300 _a280 p. ;
_c21 cm.
490 1 _aAriel comunicación ;
_v45
830 0 _aAriel comunicación ;
_v45
_9187110
852 _aES-MaACL
_jL-8763
_bR.110360
999 _c138903
_d138903